Tabellenendstand der 2. Bundesliga 2020/2021 - Statistiken

Allgemein
  • Dieses Quiz wurde 268 mal gespielt
  • Das Durchschnittsergebnis liegt bei 9 aus 18
Antwortstatistiken
Punkte Antwort % Korrekt
1 67 VfL Bochum
97%
2 64 Greuther Fürth
86%
4 58 Hamburger SV
79%
3 62 Holstein Kiel
76%
5 56 Fortuna Düsseldorf
54%
10 47 St. Pauli
46%
11 44 1. FC Nürnberg
45%
8 51 FC Heidenheim
45%
13 42 Hannover 96
45%
6 52 Karlsruher SC
44%
15 34 SV Sandhausen
44%
17 31 Eintracht Braunschweig
42%
12 44 FC Erzgebirge Aue
38%
9 47 SC Paderborn
38%
16 33 VfL Osnabrück
38%
18 25 Würzburger Kickers
38%
7 51 Darmstadt 98
37%
14 38 Jahn Regensburg
37%
Keine übereinstimmenden Quizze gefunden
Verteilung der Resultate
Anzahl Personen mit jedem Resultat
Perzentil nach korrekt beantworteten Fragen
Ihre Resultats-Entwicklung
Sie haben dieses Quiz noch nicht gespielt